[Event "FIN-chT1 West 1213"]
[Site "Finland"]
[Date "2012.11.18"]
[Round "4.1"]
[White "Raisa, Unto"]
[Black "Tuomala, Timo"]
[Result "0-1"]
[WhiteElo "2110"]
[BlackElo "2235"]
[PlyCount "62"]
[EventDate "2012.09.29"]
[EventType "team-tourn"]
[EventRounds "7"]
[EventCountry "FIN"]
[SourceTitle "EXT 2019"]
[Source "ChessBase"]
[SourceDate "2018.10.10"]
[SourceVersion "1"]
[SourceVersionDate "2018.10.10"]
[SourceQuality "1"]
[WhiteTeam "Helsinki HSK II"]
[BlackTeam "Helsinki KS 58"]
[WhiteTeamCountry "FIN"]
[BlackTeamCountry "FIN"]

1. d4 Nf6 2. Nf3 c5 3. c3 e6 4. Bg5 cxd4 5. cxd4 Qb6 6. Qc1 Nc6 7. Bxf6 gxf6 8. e3 d5 9. Nc3 Bd7 10. Be2 Rc8 11. Qd2 Na5 12. 0-0 Be7 13. e4 dxe4 14. Nxe4 Bc6 15. Rac1 Rd8 16. Nc5 Bd5 17. Rfe1 Nc6 18. Qh6 Bxf3 19. Nxe6 fxe6 20. Bxf3 Nxd4 21. Bh5+ Kd7 22. Bg4 Rhg8 23. Bxe6+ Nxe6 24. Qxh7 Rg7 25. Qh3 Re8 26. Red1+ Bd6 27. Rd2 Ke7 28. Re2 Be5 29. Qf5 Nd4 30. Rxe5+ fxe5 31. Qxe5+ Kf8 0-1

[Event "FIN-chT 1213"]
[Site "Finland"]
[Date "2012.11.17"]
[Round "6.6"]
[White "Kytoniemi, Jyrki"]
[Black "Raisa, Unto"]
[Result "1-0"]
[WhiteElo "2283"]
[BlackElo "2110"]
[PlyCount "175"]
[EventDate "2012.09.28"]
[EventType "team-tourn"]
[EventRounds "11"]
[EventCountry "FIN"]
[SourceTitle "CBM 151 Extra"]
[Source "ChessBase"]
[SourceDate "2012.12.18"]
[SourceVersion "1"]
[SourceVersionDate "2012.12.18"]
[SourceQuality "1"]
[WhiteTeam "Tammer Shakki"]
[BlackTeam "Helsinki HSK"]
[WhiteTeamCountry "FIN"]
[BlackTeamCountry "FIN"]

1. Nf3 Nf6 2. c4 g6 3. b4 a5 4. b5 Bg7 5. Bb2 0-0 6. g3 d6 7. Bg2 e5 8. 0-0 Nbd7 9. Nc3 Re8 10. d3 Nc5 11. Nd2 Rb8 12. Nb3 b6 13. e3 Bb7 14. d4 Bxg2 15. Kxg2 Nxb3 16. axb3 exd4 17. Qxd4 Ne4 18. Qd3 Bxc3 19. Bxc3 Nxc3 20. Qxc3 Qe7 21. Qd4 Qe4+ 22. Qxe4 Rxe4 23. Rfd1 Rbe8 24. Kf3 f5 25. h3 h5 26. h4 Kf7 27. Rd5 Kf6 28. Ra2 R4e5 29. Rd4 Re4 30. Rd5 R4e5 31. Rd3 Re4 32. Ra1 Ra8 33. Ra4 Rae8 34. Ra1 Ra8 35. Ra4 Rae8 36. Ra2 Ra8 37. Rd4 Rae8 38. Rd3 Ra8 39. Rd4 Rae8 40. Rxe4 Rxe4 41. Rc2 Ke6 42. Ke2 Kf6 43. Kd3 Re8 44. Kd4 Re5 45. f3 Re8 46. e4 fxe4 47. fxe4 Re5 48. Rf2+ Kg7 49. b4 axb4 50. Rb2 Kf6 51. Rxb4 Ke6 52. Ra4 g5 53. Ra8 gxh4 54. gxh4 Kd7 55. Rh8 Rc5 56. Rf8 Ke6 57. Rf2 Re5 58. Rf1 Rc5 59. Rf8 Ke7 60. Rf5 Ke6 61. Rf8 Ke7 62. Rf5 Ke6 63. Rd5 Rxd5+ 64. cxd5+ Kf6 65. Kd3 Kg6 66. Ke3 Kf7 67. Kf3 Kg6 68. Kg3 Kf7 69. Kf2 Kf6 70. Kf3 Kg6 71. Kf4 Kf6 72. e5+ dxe5+ 73. Ke4 Ke7 74. Kxe5 Kd7 75. d6 cxd6+ 76. Kd5 Kc7 77. Ke6 d5 78. Kxd5 Kd7 79. Ke5 Ke7 80. Kf5 Kd6 81. Kg5 Kc5 82. Kxh5 Kxb5 83. Kg5 Kc4 84. h5 b5 85. h6 b4 86. h7 b3 87. h8Q Kd3 88. Qb2 1-0

[Event "FIN-chT1 West 1213"]
[Site "Finland"]
[Date "2012.10.27"]
[Round "2.4"]
[White "Raisa, Unto"]
[Black "Koivunen, Jussi"]
[Result "1/2-1/2"]
[WhiteElo "2110"]
[BlackElo "2006"]
[PlyCount "85"]
[EventDate "2012.09.29"]
[EventType "team-tourn"]
[EventRounds "7"]
[EventCountry "FIN"]
[SourceTitle "EXT 2019"]
[Source "ChessBase"]
[SourceDate "2018.10.10"]
[SourceVersion "1"]
[SourceVersionDate "2018.10.10"]
[SourceQuality "1"]
[WhiteTeam "Helsinki HSK II"]
[BlackTeam "Pori PSY"]
[WhiteTeamCountry "FIN"]
[BlackTeamCountry "FIN"]

1. d4 d5 2. Nf3 Nf6 3. c4 c6 4. e3 Bg4 5. Nbd2 e6 6. Be2 Nbd7 7. 0-0 Bxf3 8. Nxf3 g6 9. b3 Bg7 10. Bb2 0-0 11. Bd3 Re8 12. Qe2 Qb8 13. Rfd1 a6 14. Rac1 Qa7 15. e4 dxe4 16. Bxe4 Rad8 17. Bb1 Qb8 18. h3 Nh5 19. Ne5 Nxe5 20. dxe5 Bf8 21. g3 Rxd1+ 22. Rxd1 Rd8 23. Kg2 Be7 24. Be4 Rxd1 25. Qxd1 Qd8 26. Qxd8+ Bxd8 27. Ba3 f5 28. exf6 Nxf6 29. Bd3 Kf7 30. g4 Bc7 31. Bb2 Nd7 32. Be2 g5 33. Bd3 h6 34. Kf1 Bf4 35. Ke2 Ne5 36. Be4 Nd7 37. Ba3 Be5 38. f3 Nf6 39. Kd3 Bg3 40. Bc5 Nd7 41. Bb4 Bf2 42. Ke2 Bg3 43. Ba3 1/2-1/2

[Event "FIN-chT1B 1112"]
[Site "Finland"]
[Date "2012.02.11"]
[Round "6.4"]
[White "Suuronen, Petri"]
[Black "Raisa, Unto"]
[Result "1/2-1/2"]
[WhiteElo "1890"]
[BlackElo "2130"]
[PlyCount "29"]
[EventDate "2011.09.17"]
[EventType "team-tourn"]
[EventRounds "7"]
[EventCountry "FIN"]
[SourceTitle "EXT 2019"]
[Source "ChessBase"]
[SourceDate "2018.10.10"]
[SourceVersion "1"]
[SourceVersionDate "2018.10.10"]
[SourceQuality "1"]
[WhiteTeam "Vantaa EtVaS II"]
[BlackTeam "Helsinki HSK II"]
[WhiteTeamCountry "FIN"]
[BlackTeamCountry "FIN"]

1. Nf3 Nf6 2. c4 g6 3. Nc3 Bg7 4. e4 d6 5. d4 0-0 6. Be2 e5 7. dxe5 dxe5 8. Qxd8 Rxd8 9. Bg5 Re8 10. 0-0-0 c6 11. Nxe5 Nxe4 12. Nxe4 Bxe5 13. f4 f5 14. fxe5 fxe4 15. Rhe1 1/2-1/2

[Event "FIN-chT1B 1112"]
[Site "Finland"]
[Date "2011.11.20"]
[Round "4.3"]
[White "Raisa, Unto"]
[Black "Aijala, Jouko"]
[Result "1/2-1/2"]
[WhiteElo "2130"]
[BlackElo "2133"]
[PlyCount "66"]
[EventDate "2011.09.17"]
[EventType "team-tourn"]
[EventRounds "7"]
[EventCountry "FIN"]
[SourceTitle "EXT 2019"]
[Source "ChessBase"]
[SourceDate "2018.10.10"]
[SourceVersion "1"]
[SourceVersionDate "2018.10.10"]
[SourceQuality "1"]
[WhiteTeam "Helsinki HSK II"]
[BlackTeam "Lahti S"]
[WhiteTeamCountry "FIN"]
[BlackTeamCountry "FIN"]

1. e4 c5 2. Nc3 Nc6 3. f4 g6 4. Nf3 Bg7 5. Bb5 Nd4 6. Bc4 e6 7. 0-0 Ne7 8. Nxd4 cxd4 9. Ne2 a6 10. d3 d5 11. Bb3 dxe4 12. dxe4 0-0 13. Ng3 Kh8 14. Qd3 Bd7 15. a4 Qb6 16. Kh1 Rad8 17. Bd2 f5 18. Rae1 Nc6 19. exf5 exf5 20. Re2 a5 21. Rfe1 Nb4 22. Bxb4 Qxb4 23. Qc4 Qxc4 24. Bxc4 Bxa4 25. Ra1 Bc6 26. Rxa5 Rfe8 27. Kg1 Rxe2 28. Nxe2 d3 29. Bxd3 Bxb2 30. Kf2 Kg7 31. g3 Kf6 32. Ra2 Bd4+ 33. Nxd4 Rxd4 1/2-1/2

[Event "FIN-chT1B 1011"]
[Site "Finland"]
[Date "2010.10.16"]
[Round "3.3"]
[White "Sofiev, Alexey"]
[Black "Raisa, Unto"]
[Result "1/2-1/2"]
[WhiteElo "2153"]
[BlackElo "2131"]
[PlyCount "145"]
[EventDate "2010.09.18"]
[EventType "team-tourn"]
[EventRounds "9"]
[EventCountry "FIN"]
[SourceTitle "EXT 2022"]
[Source "ChessBase"]
[SourceDate "2021.10.06"]
[SourceVersion "1"]
[SourceVersionDate "2021.10.06"]
[SourceQuality "1"]
[WhiteTeam "Helsinki I-HSK"]
[BlackTeam "Helsinki HSK II"]
[WhiteTeamCountry "FIN"]
[BlackTeamCountry "FIN"]

1. e4 c5 2. f4 d5 3. exd5 Qxd5 4. Nc3 Qd8 5. Nf3 Nf6 6. Bc4 Nc6 7. d3 a6 8. a4 e6 9. Qe2 Nd4 10. Nxd4 cxd4 11. Ne4 Bb4+ 12. Bd2 Bxd2+ 13. Qxd2 0-0 14. 0-0 Bd7 15. Rf3 Bc6 16. Re1 Rc8 17. Bb3 Bd5 18. Nxf6+ Qxf6 19. Bxd5 exd5 20. Re5 Qc6 21. Rf2 Qxa4 22. f5 f6 23. Re7 Qa1+ 24. Qe1 Qxe1+ 25. Rxe1 Rfe8 26. Kf1 Rxe1+ 27. Kxe1 Rc5 28. Kd2 Rb5 29. Kc1 a5 30. h4 h5 31. Rf4 Rb4 32. g4 hxg4 33. Rxg4 Kf8 34. Kb1 Kf7 35. Ka2 Ra4+ 36. Kb1 Rb4 37. h5 b6 38. Rg2 Rb5 39. Rg6 Rb4 40. Rg4 Kf8 41. Ka2 Ra4+ 42. Kb3 Rb4+ 43. Ka3 Kf7 44. b3 Kf8 45. Kb2 Kf7 46. Kc1 Kf8 47. Rg2 Kf7 48. Re2 a4 49. Kb2 axb3 50. cxb3 Rb5 51. Re6 Rc5 52. Rxb6 Rc3 53. Rb7+ Kg8 54. b4 Rxd3 55. b5 Rd2+ 56. Kc1 Re2 57. Rb8+ Kh7 58. b6 Re3 59. b7 Rb3 60. Kc2 Rb6 61. Kd3 Rb4 62. h6 gxh6 63. Rf8 Rxb7 64. Rxf6 Rb4 65. Rg6 h5 66. Rg5 Kh6 67. Rg1 h4 68. f6 Rb8 69. Kxd4 h3 70. Kxd5 h2 71. Rf1 Kg6 72. f7 Rf8 73. Rh1 1/2-1/2

[Event "FIN-chT1B 1011"]
[Site "Finland"]
[Date "2010.09.18"]
[Round "1.2"]
[White "Raisa, Unto"]
[Black "Kivimaki, Jaakko"]
[Result "1/2-1/2"]
[WhiteElo "2131"]
[BlackElo "2187"]
[PlyCount "68"]
[EventDate "2010.09.18"]
[EventType "team-tourn"]
[EventRounds "9"]
[EventCountry "FIN"]
[SourceTitle "EXT 2022"]
[Source "ChessBase"]
[SourceDate "2021.10.06"]
[SourceVersion "1"]
[SourceVersionDate "2021.10.06"]
[SourceQuality "1"]
[WhiteTeam "Helsinki HSK II"]
[BlackTeam "Helsinki KS 58"]
[WhiteTeamCountry "FIN"]
[BlackTeamCountry "FIN"]

1. e4 e5 2. Nf3 Nc6 3. Bc4 Bc5 4. c3 Qf6 5. b4 Bb6 6. d3 a6 7. Be3 Ba7 8. Bxa7 Rxa7 9. 0-0 d6 10. Nbd2 Nge7 11. Ne1 0-0 12. Qf3 Qxf3 13. Nexf3 h6 14. Rfe1 b6 15. a3 g6 16. d4 Kg7 17. dxe5 dxe5 18. h3 Rd8 19. Nf1 Bb7 20. Ne3 f6 21. Rad1 Raa8 22. Nd5 Nxd5 23. Bxd5 Rab8 24. Nh2 Ba8 25. Nf1 Ne7 26. Bxa8 Rxa8 27. Ne3 Kf7 28. Kf1 Ke6 29. Ke2 b5 30. Rxd8 Rxd8 31. Rd1 Rxd1 32. Nxd1 Nc8 33. Nb2 Nd6 34. f3 Nc4 1/2-1/2

[Event "FIN-chT1B 0910"]
[Site "Finland"]
[Date "2010.03.20"]
[Round "7.1"]
[White "Raisa, Unto"]
[Black "Koskela, Niina"]
[Result "0-1"]
[WhiteElo "2141"]
[BlackElo "2236"]
[PlyCount "112"]
[EventDate "2009.09.19"]
[EventType "team-tourn"]
[EventRounds "9"]
[EventCountry "FIN"]
[SourceTitle "EXT 2022"]
[Source "ChessBase"]
[SourceDate "2021.10.06"]
[SourceVersion "1"]
[SourceVersionDate "2021.10.06"]
[SourceQuality "1"]
[WhiteTeam "Helsinki HSK II"]
[BlackTeam "Helsinki KapSK"]
[WhiteTeamCountry "FIN"]
[BlackTeamCountry "FIN"]

1. e4 e5 2. Nf3 Nc6 3. Bb5 a6 4. Ba4 Nf6 5. 0-0 Be7 6. Re1 b5 7. Bb3 d6 8. c3 0-0 9. h3 Nb8 10. d4 Nbd7 11. Nbd2 Bb7 12. Bc2 Re8 13. a4 Bf8 14. Bd3 c6 15. b3 g6 16. Bb2 Bg7 17. Qc2 Nh5 18. Bf1 Nf4 19. dxe5 dxe5 20. Rad1 Qb6 21. b4 c5 22. Nc4 bxc4 23. Rxd7 Bc8 24. bxc5 Qxc5 25. Rdd1 Rb8 26. Bc1 Nh5 27. Rd5 Qc7 28. Ba3 Bf8 29. Bxf8 Kxf8 30. Rdd1 Nf4 31. Rb1 Bd7 32. Nd2 Be6 33. Rxb8 Rxb8 34. Rb1 Rd8 35. Qb2 Kg7 36. Nf3 Qc6 37. Qb6 Qxb6 38. Rxb6 Rd1 39. Rxe6 fxe6 40. g3 Nd3 41. Kg2 Kf6 42. h4 h6 43. a5 Rc1 44. Nd2 Rxc3 45. Nxc4 Rxc4 46. Bxd3 Rc6 47. Kf3 Ke7 48. Kg4 Kd6 49. f4 Rc3 50. Bxa6 h5+ 51. Kh3 exf4 52. Bb7 Rxg3+ 53. Kh2 Ra3 54. a6 e5 55. Kg2 Kc5 56. Kf2 Kb6 0-1

[Event "FIN-chT1B 0910"]
[Site "Finland"]
[Date "2010.01.16"]
[Round "5.3"]
[White "Hintikka, Eero"]
[Black "Raisa, Unto"]
[Result "0-1"]
[WhiteElo "2125"]
[BlackElo "2141"]
[PlyCount "100"]
[EventDate "2009.09.19"]
[EventType "team-tourn"]
[EventRounds "9"]
[EventCountry "FIN"]
[SourceTitle "EXT 2022"]
[Source "ChessBase"]
[SourceDate "2021.10.06"]
[SourceVersion "1"]
[SourceVersionDate "2021.10.06"]
[SourceQuality "1"]
[WhiteTeam "Jyvaskyla JyS"]
[BlackTeam "Helsinki HSK II"]
[WhiteTeamCountry "FIN"]
[BlackTeamCountry "FIN"]

1. e4 c5 2. Nf3 d6 3. d4 cxd4 4. Nxd4 Nf6 5. Nc3 a6 6. Rg1 g6 7. g4 Bg7 8. h4 Nxg4 9. Nd5 Nf6 10. Nxf6+ Bxf6 11. Be3 Bxh4 12. Bc4 Bf6 13. Qe2 Nc6 14. 0-0-0 Nxd4 15. Bxd4 Bxd4 16. Rxd4 Qc7 17. Qd3 Be6 18. f4 Bxc4 19. Rxc4 Qb6 20. Rg2 Qa5 21. c3 0-0 22. f5 Rac8 23. Rxc8 Rxc8 24. Qh3 Rc7 25. Rh2 Qe5 26. Qxh7+ Kf8 27. fxg6 Qg5+ 28. Kc2 Qxg6 29. Qh8+ Qg8 30. Qd4 f6 31. Qd5 Qxd5 32. exd5 Rc5 33. Rd2 Kf7 34. b4 Rc8 35. Kd3 b5 36. a4 f5 37. axb5 axb5 38. Ra2 Kf6 39. Ra5 Rb8 40. c4 bxc4+ 41. Kxc4 Ke5 42. b5 Rc8+ 43. Kb4 Kxd5 44. Ra2 e5 45. Rd2+ Ke6 46. b6 e4 47. Kb5 e3 48. Re2 f4 49. b7 Rb8 50. Kc6 d5 0-1

[Event "FIN-chT1B 0910"]
[Site "Finland"]
[Date "2009.10.17"]
[Round "4.1"]
[White "Nippula, Timo"]
[Black "Raisa, Unto"]
[Result "1-0"]
[WhiteElo "2238"]
[BlackElo "2141"]
[PlyCount "57"]
[EventDate "2009.09.19"]
[EventType "team-tourn"]
[EventRounds "9"]
[EventCountry "FIN"]
[SourceTitle "EXT 2022"]
[Source "ChessBase"]
[SourceDate "2021.10.06"]
[SourceVersion "1"]
[SourceVersionDate "2021.10.06"]
[SourceQuality "1"]
[WhiteTeam "Karhula TS"]
[BlackTeam "Helsinki HSK II"]
[WhiteTeamCountry "FIN"]
[BlackTeamCountry "FIN"]

1. c4 Nf6 2. Nc3 g6 3. e4 d6 4. d4 Bg7 5. Be2 0-0 6. Nf3 e5 7. d5 a5 8. Nd2 Ne8 9. h4 f5 10. h5 Nf6 11. hxg6 hxg6 12. exf5 gxf5 13. f4 e4 14. Nf1 Na6 15. Be3 Qe7 16. Bd4 c6 17. Qd2 cxd5 18. Ne3 Nc7 19. 0-0-0 Be6 20. g4 Nxg4 21. Rh5 Bxd4 22. Qxd4 Qf6 23. Rg5+ Kf7 24. Qb6 Rac8 25. cxd5 Bd7 26. Rh1 Nxe3 27. Rh7+ Ke8 28. Bh5+ Kd8 29. Rgg7 1-0

[Event "FIN-chT1B 0910"]
[Site "Finland"]
[Date "2009.09.20"]
[Round "3.1"]
[White "Raisa, Unto"]
[Black "Aijala, Jouko"]
[Result "1/2-1/2"]
[WhiteElo "2141"]
[BlackElo "2176"]
[PlyCount "56"]
[EventDate "2009.09.19"]
[EventType "team-tourn"]
[EventRounds "9"]
[EventCountry "FIN"]
[SourceTitle "EXT 2022"]
[Source "ChessBase"]
[SourceDate "2021.10.06"]
[SourceVersion "1"]
[SourceVersionDate "2021.10.06"]
[SourceQuality "1"]
[WhiteTeam "Helsinki HSK II"]
[BlackTeam "Lahti S"]
[WhiteTeamCountry "FIN"]
[BlackTeamCountry "FIN"]

1. d4 Nf6 2. Nf3 d5 3. c4 c6 4. cxd5 cxd5 5. Nc3 Nc6 6. Bf4 e6 7. e3 Nh5 8. Bg5 Be7 9. Bxe7 Qxe7 10. Bd3 Nf6 11. 0-0 0-0 12. Rc1 Bd7 13. a3 Rfc8 14. Bb1 Na5 15. Ne5 Be8 16. b4 Nc4 17. Nxc4 Rxc4 18. Bd3 Rc7 19. Qb3 Rac8 20. Qb2 g6 21. Ne2 Nd7 22. Rxc7 Rxc7 23. Rc1 Nb6 24. Rxc7 Qxc7 25. Qc3 Qxc3 26. Nxc3 Kf8 27. f4 Ke7 28. Kf2 f6 1/2-1/2

[Event "FIN-chT1B 0910"]
[Site "Finland"]
[Date "2009.09.19"]
[Round "2.2"]
[White "Lako, Mika"]
[Black "Raisa, Unto"]
[Result "1-0"]
[WhiteElo "2221"]
[BlackElo "2141"]
[PlyCount "81"]
[EventDate "2009.09.19"]
[EventType "team-tourn"]
[EventRounds "9"]
[EventCountry "FIN"]
[SourceTitle "EXT 2022"]
[Source "ChessBase"]
[SourceDate "2021.10.06"]
[SourceVersion "1"]
[SourceVersionDate "2021.10.06"]
[SourceQuality "1"]
[WhiteTeam "Helsinki I-HSK"]
[BlackTeam "Helsinki HSK II"]
[WhiteTeamCountry "FIN"]
[BlackTeamCountry "FIN"]

1. d4 g6 2. c4 Bg7 3. Nc3 Nf6 4. e4 d6 5. Nf3 0-0 6. Be2 e5 7. 0-0 Nc6 8. d5 Ne7 9. a4 c5 10. dxc6 bxc6 11. b4 Bb7 12. Ba3 a5 13. b5 c5 14. Nd2 Ne8 15. Bf3 Nc7 16. g3 Ne6 17. Bg2 f5 18. Nd5 Kh8 19. Bb2 Nd4 20. Ra2 f4 21. gxf4 exf4 22. Nf3 Nxf3+ 23. Qxf3 Nxd5 24. Bxg7+ Kxg7 25. exd5 Qf6 26. Re2 Rae8 27. Rfe1 Rxe2 28. Qxe2 Bc8 29. Qe7+ Qxe7 30. Rxe7+ Rf7 31. Rxf7+ Kxf7 32. h4 h6 33. Kh2 g5 34. hxg5 hxg5 35. f3 g4 36. fxg4 Kg6 37. Be4+ Kg5 38. Bf5 Bb7 39. Kg2 Kh4 40. Kf3 Kg5 41. Bd7 1-0

[Event "FIN-chT1B 0809"]
[Site "Finland"]
[Date "2009.??.??"]
[Round "4.3"]
[White "Raisa, Unto"]
[Black "Ilmoni, Tommy"]
[Result "1-0"]
[WhiteElo "2151"]
[BlackElo "2102"]
[PlyCount "83"]
[EventDate "2008.10.??"]
[EventType "team-tourn"]
[EventRounds "5"]
[EventCountry "FIN"]
[SourceTitle "EXT 2022"]
[Source "ChessBase"]
[SourceDate "2021.10.06"]
[SourceVersion "1"]
[SourceVersionDate "2021.10.06"]
[SourceQuality "1"]
[WhiteTeam "Helsinki HSK II"]
[BlackTeam "Espoo SK"]
[WhiteTeamCountry "FIN"]
[BlackTeamCountry "FIN"]

1. e4 c6 2. c4 d5 3. exd5 cxd5 4. cxd5 Nf6 5. Qa4+ Nbd7 6. Nc3 g6 7. Be2 Bg7 8. Bf3 0-0 9. d4 Nb6 10. Qb3 Bg4 11. Bxg4 Nxg4 12. Nf3 Nf6 13. 0-0 Nfxd5 14. a4 a5 15. Nxd5 Nxd5 16. Qxb7 Qd6 17. Qb5 Rfb8 18. Qe2 Rb4 19. Rd1 Rab8 20. h3 e6 21. Qe4 Qd7 22. Ne5 Qe8 23. Re1 R8b7 24. b3 Rxb3 25. Bd2 f5 26. Qe2 Rb2 27. Nc4 Nc3 28. Qd3 Ne4 29. Nxb2 Rxb2 30. Be3 Rb4 31. f3 Nf6 32. Qa6 Nd5 33. Bf2 Nf4 34. Rac1 Rb8 35. Rc4 Rd8 36. Be3 Nd5 37. Bg5 Ra8 38. Qxe6+ Qxe6 39. Rxe6 Kf7 40. Rd6 h6 41. Rxd5 hxg5 42. Rd7+ 1-0

[Event "FIN-chT qual"]
[Site "Finland"]
[Date "2007.03.31"]
[Round "1"]
[White "Raisa, Unto"]
[Black "Jouhki, Yrjo Markus"]
[Result "0-1"]
[WhiteElo "2146"]
[BlackElo "2297"]
[PlyCount "128"]
[EventDate "2007.03.31"]
[EventType "team-match"]
[EventRounds "1"]
[EventCountry "FIN"]
[SourceTitle "CBM 117 Extra"]
[Source "ChessBase"]
[SourceDate "2007.05.09"]
[SourceVersion "1"]
[SourceVersionDate "2007.05.09"]
[SourceQuality "1"]

1. d4 Nf6 2. Nf3 d6 3. c4 Bg4 4. Nc3 Bxf3 5. exf3 g6 6. Be2 Bg7 7. 0-0 0-0 8. f4 e6 9. Bf3 d5 10. Be3 Nc6 11. cxd5 exd5 12. Qb3 Rb8 13. Nxd5 Nxd5 14. Qxd5 Nxd4 15. Bxd4 Qxd5 16. Bxd5 Bxd4 17. Rab1 Rfd8 18. Bf3 c5 19. b3 b5 20. Rbc1 a5 21. Rfd1 Kf8 22. Kf1 Rd6 23. Rd2 Rf6 24. g3 g5 25. f5 Rxf5 26. Kg2 Re5 27. Re2 Rxe2 28. Bxe2 Ke7 29. Bd3 h6 30. f4 gxf4 31. gxf4 Kd6 32. Re1 Bf6 33. Rd1 Kc7 34. Bf5 Bd4 35. Re1 c4 36. Re4 cxb3 37. axb3 Bf6 38. Re2 Rd8 39. Rc2+ Kb6 40. Be4 Rd6 41. Kf3 a4 42. bxa4 bxa4 43. Ra2 Kb5 44. Bc2 Rd4 45. Ke3 Rb4 46. h3 Ka5 47. Kf3 h5 48. Kg3 Rc4 49. Kf3 Rc3+ 50. Ke4 a3 51. Bd3 Kb4 52. Rg2 Kb3 53. Bb1 Rxh3 54. Ba2+ Kb4 55. Bxf7 h4 56. f5 Rh1 57. Rg6 Bb2 58. Kf3 h3 59. Rg4+ Kc5 60. Re4 Kd6 61. Re6+ Kd7 62. Re2 Kd6 63. Re6+ Kc5 64. Kg3 a2 0-1

[Event "FIN-chT1B 0607"]
[Site "Finland"]
[Date "2007.01.13"]
[Round "5.2"]
[White "Tuomala, Timo"]
[Black "Raisa, Unto"]
[Result "1/2-1/2"]
[WhiteElo "2219"]
[BlackElo "2146"]
[PlyCount "57"]
[EventDate "2006.09.16"]
[EventType "team-tourn"]
[EventRounds "7"]
[EventCountry "FIN"]
[SourceTitle "EXT 2022"]
[Source "ChessBase"]
[SourceDate "2021.10.06"]
[SourceVersion "1"]
[SourceVersionDate "2021.10.06"]
[SourceQuality "1"]
[WhiteTeam "Helsinki KS 58"]
[BlackTeam "Helsinki HSK II"]
[WhiteTeamCountry "FIN"]
[BlackTeamCountry "FIN"]

1. Nf3 Nf6 2. c4 g6 3. Nc3 Bg7 4. e4 d6 5. d4 0-0 6. Be2 e5 7. 0-0 Nc6 8. d5 Ne7 9. Ne1 Ne8 10. f3 f5 11. g4 c5 12. Nd3 a6 13. Be3 Nf6 14. a3 Bd7 15. b4 b6 16. Kg2 f4 17. Bf2 g5 18. Rb1 Rb8 19. Qc2 Qc7 20. bxc5 bxc5 21. Rxb8 Rxb8 22. Rb1 Nc8 23. Rxb8 Qxb8 24. Qb2 Qxb2 25. Nxb2 Bf8 26. Nca4 Be7 27. Be1 Bd8 28. Bd1 Bc7 29. Kf2 1/2-1/2

[Event "FIN-chT 0607"]
[Site "Finland"]
[Date "2006.10.21"]
[Round "3.6"]
[White "Raisa, Unto"]
[Black "Nyback, Jukka"]
[Result "1/2-1/2"]
[WhiteElo "2146"]
[BlackElo "2098"]
[PlyCount "145"]
[EventDate "2006.09.14"]
[EventType "team-tourn"]
[EventRounds "9"]
[EventCountry "FIN"]
[SourceTitle "EXT 2022"]
[Source "ChessBase"]
[SourceDate "2021.10.06"]
[SourceVersion "1"]
[SourceVersionDate "2021.10.06"]
[SourceQuality "1"]
[WhiteTeam "Helsinki HSK"]
[BlackTeam "Helsinki Velhot"]
[WhiteTeamCountry "FIN"]
[BlackTeamCountry "FIN"]

1. e4 c5 2. Nc3 Nc6 3. Nf3 g6 4. d4 cxd4 5. Nxd4 Bg7 6. Be3 a6 7. Nd5 Rb8 8. Qd2 Nf6 9. Nxf6+ Bxf6 10. Be2 d5 11. exd5 Nxd4 12. Bxd4 Qxd5 13. Bxf6 Qxd2+ 14. Kxd2 exf6 15. Rhe1 0-0 16. Bd3 Be6 17. Rad1 Rfd8 18. Kc1 f5 19. f4 Rbc8 20. b3 a5 21. Bb5 Bd5 22. g3 Be4 23. Rxd8+ Rxd8 24. Rd1 Rxd1+ 25. Kxd1 Kf8 26. Kd2 Ke7 27. c4 Kd6 28. Kc3 b6 29. a3 f6 30. Kd4 Bc2 31. b4 axb4 32. axb4 Be4 33. h4 Bf3 34. c5+ bxc5+ 35. bxc5+ Ke7 36. Bc4 Be4 37. Bd5 Bb1 38. Kc3 Kd7 39. Kc4 Ba2+ 40. Kd4 Bb1 41. Bg8 h6 42. Bh7 g5 43. hxg5 hxg5 44. fxg5 fxg5 45. Ke5 Kc6 46. Bxf5 Ba2 47. Kd4 Kc7 48. Be4 Be6 49. Ke5 Bh3 50. Kf6 g4 51. Kf5 Kd7 52. Kf4 Kc7 53. Ke5 Bf1 54. Kf4 Bh3 55. Bf5 Kc6 56. Bxg4 Bf1 57. Bf3+ Kxc5 58. Ke5 Bh3 59. Be4 Bg4 60. Kf4 Bh5 61. Bf3 Be8 62. Ke5 Bd7 63. Bd5 Bg4 64. Kf4 Bh5 65. Bf3 Be8 66. g4 Kd6 67. g5 Bg6 68. Bg4 Ke7 69. Ke5 Kf7 70. Bf5 Bh5 71. Kf4 Kg7 72. Kg3 Be8 73. Kh4 1/2-1/2

[Event "FIN-chT1A 0405"]
[Site "Finland"]
[Date "2005.02.06"]
[Round "6.1"]
[White "Raisanen, Kim"]
[Black "Raisa, Unto"]
[Result "0-1"]
[WhiteElo "1999"]
[BlackElo "2179"]
[PlyCount "90"]
[EventDate "2004.09.18"]
[EventType "team-tourn"]
[EventRounds "7"]
[EventCountry "FIN"]
[SourceTitle "EXT 2022"]
[Source "ChessBase"]
[SourceDate "2021.10.06"]
[SourceVersion "1"]
[SourceVersionDate "2021.10.06"]
[SourceQuality "1"]
[WhiteTeam "Espoo MatSK III"]
[BlackTeam "Helsinki HSK II"]
[WhiteTeamCountry "FIN"]
[BlackTeamCountry "FIN"]

1. e4 c5 2. Nf3 Nc6 3. Bb5 g6 4. 0-0 Bg7 5. c3 Nf6 6. e5 Nd5 7. d4 cxd4 8. cxd4 0-0 9. Nc3 Nxc3 10. bxc3 d6 11. exd6 Qxd6 12. a4 a6 13. Ba3 Qc7 14. Bxc6 bxc6 15. Qe2 Re8 16. Rfe1 Bg4 17. h3 Bxf3 18. Qxf3 e6 19. Qd3 Qa5 20. Qc4 Qd5 21. Qxd5 cxd5 22. Rab1 Rec8 23. Rec1 Rc4 24. Rb4 Rxb4 25. Bxb4 Rb8 26. a5 Bxd4 27. cxd4 Rxb4 28. Rc6 Rxd4 29. Rxa6 Rd1+ 30. Kh2 Ra1 31. Kg3 Kg7 32. Kf3 Ra3+ 33. Ke2 Kf6 34. Ra7 h5 35. a6 g5 36. Ra8 h4 37. a7 Kf5 38. g3 Ke4 39. gxh4 gxh4 40. Rh8 Ra2+ 41. Ke1 Rxa7 42. Rxh4+ Kd3 43. Kf1 d4 44. Rf4 Ra1+ 45. Kg2 f5 0-1

[Event "FIN-chT1A 0405"]
[Site "Finland"]
[Date "2004.09.19"]
[Round "2.2"]
[White "Raisa, Unto"]
[Black "Ketola, Ville"]
[Result "0-1"]
[WhiteElo "2179"]
[BlackElo "2124"]
[PlyCount "58"]
[EventDate "2004.09.18"]
[EventType "team-tourn"]
[EventRounds "7"]
[EventCountry "FIN"]
[SourceTitle "EXT 2022"]
[Source "ChessBase"]
[SourceDate "2021.10.06"]
[SourceVersion "1"]
[SourceVersionDate "2021.10.06"]
[SourceQuality "1"]
[WhiteTeam "Helsinki HSK II"]
[BlackTeam "Eura SK"]
[WhiteTeamCountry "FIN"]
[BlackTeamCountry "FIN"]

1. Nf3 d5 2. d4 Nf6 3. c4 e6 4. Nc3 c6 5. cxd5 exd5 6. Bg5 Be7 7. e3 Bf5 8. Bd3 Bxd3 9. Qxd3 Nbd7 10. 0-0 0-0 11. Rab1 Re8 12. b4 Ne4 13. Bxe7 Qxe7 14. b5 Nxc3 15. Qxc3 c5 16. dxc5 Nxc5 17. Qa3 b6 18. Rfd1 Rad8 19. Rbc1 Rd6 20. Rd4 Qd7 21. Qb2 Re4 22. Rcd1 Ne6 23. R4d2 Nc5 24. Rd4 Ne6 25. R4d2 Nc7 26. Nd4 Rg6 27. Kh1 Re5 28. Nc6 Rh5 29. Ne5 Rxg2 0-1